Pop Culture Pop Quiz: 1980s Stats

 Plays Quiz Updated Nov 17, 2015

Challenge
Share
Tweet
Embed
Score 0/75 Timer 10:00
1 Play Today
% Correct
Cats
65.5%
LA Lakers
65.5%
Super Mario Bros./Duck Hunt
64.7%
Michael Jackson
64.4%
Alex
62.8%
Boston Celtics
62.7%
John McEnroe
59.1%
The Cosby Show
51.1%
Superman
45.5%
Jimmy Connors
45.1%
Batman
45.1%
Batman
45.1%
Detroit Pistons
43.2%
E.T.
42.5%
Wonder Woman
41.4%
Tennessee
41.2%
The Little Mermaid
41%
Dallas
39%
Mallory
38%
The Hunt for Red October
37.7%
Philadelphia 76ers
36.2%
Ivan Lendl
35.2%
Aquaman
33.1%
Return of the Jedi
33.1%
Hill Street Blues
32.3%
Houston Rockets
31.3%
Empire Strikes Back
30.8%
Elyse
27.4%
Robin
27.3%
Boris Becker
27.1%
Raiders of the Lost Ark
26.2%
Bruce Springsteen
26.1%
Bruce Springsteen
26.1%
L.A. Law
24.5%
Dynasty
24%
Legend of Zelda
23.6%
Patriot Games
23.3%
Jennifer
22%
% Correct
Clear and Present Danger
21.6%
Bon Jovi
18.4%
Steven
18.3%
The Fox and the Hound
14.9%
Tetris
14.3%
Glass Houses
13.9%
Texas
13.8%
Super Mario Bros. 2
13.5%
60 Minutes
13.3%
A Chorus Line
13.3%
USC
12.5%
Super Mario Bros. 3
12.1%
Louisiana Tech
11.4%
Oliver & Company
10.5%
Mats Wilander
9.4%
An Innocent Man
9.2%
The Black Cauldron
9.2%
Roseanne
8.6%
AC/DC
7.4%
The Great Mouse Detective
6.8%
Storm Front
6.8%
thirtysomething
5.7%
Cagney & Lacey
5.5%
Red Storm Rising
5.3%
Rod Stewart
5%
Old Dominion
4.9%
The Nylon Curtain
4.9%
42nd Street
4.2%
The Cardinal of the Kremlin
3.7%
The Bridge
3.6%
John Cougar Mellencamp
3.5%
Lou Grant
2.8%
Rick Springfield
2.4%
Dire Straits
2%
Robert Palmer
1.4%
Oh! Calcutta!
1.1%
La Cage aux Folles
0.7%

You're not logged in!

Compare scores with friends on all Sporcle quizzes.
Join for Free
OR
Log In

You Might Also Like...

Show Comments

Extras

Top Quizzes Today


Score Distribution

Your Account Isn't Verified!

In order to create a playlist on Sporcle, you need to verify the email address you used during registration. Go to your Sporcle Settings to finish the process.

Report this User

Report this user for behavior that violates our Community Guidelines.

Details: